efecto - Bad Bunny - Estadísticas

Estadísticas generales
  • Esta prueba ha sido intentada 201 veces
  • La puntuación promedio es 232 de 298
Estadísticas de respuestas
Respuesta % Correcto
e
100%
y
98%
Y
98%
a
97%
No
97%
no
97%
efecto
96%
es
96%
la
96%
esta
94%
Esta
94%
me
94%
tu
94%
Tu
94%
ya
93%
nota
92%
que
92%
qué
92%
Que
92%
Qué
92%
si
92%
mi
91%
Mi
91%
haciendo
90%
por
90%
noche
89%
Baby
88%
en
88%
En
88%
mundo
87%
siento
87%
Siento
87%
perfecto
86%
asi
85%
estas
85%
estas
85%
Pa
85%
pa
85%
Porque
85%
85%
Se
85%
yo
85%
Yo
85%
de
83%
El
83%
el
83%
aqui
81%
eres
81%
Eres
81%
te
81%
droga
80%
moviendote
80%
moviéndote
80%
pare'
80%
pare
80%
va
80%
va'
80%
vo'
78%
O
77%
cama
75%
gatito
75%
le
75%
negligencia
73%
perdio
73%
turbulencia
73%
abstinencia
72%
desde
72%
Desde
72%
soy
72%
creo
71%
tuyo
71%
baje'
70%
casualidad
70%
haber
70%
dar
68%
diste
68%
hiciste
68%
igual
68%
mama'
68%
mira'
68%
cerquita
67%
Dime
67%
permanencia
67%
rico
67%
volar
66%
aquella
65%
puedo
65%
empiezo
63%
Siempre
63%
Ese
62%
jodio
61%
Yeh
61%
hola
59%
sudar
59%
cola
58%
eh
58%
Florencia
58%
eminencia
57%
diga'
55%
fuimo'
54%
puso
54%
sola
54%
totito
54%
mas
53%
Mas
53%
(mas
53%
pero
53%
anda
51%
fan
51%
otro
51%
popola
50%
ser
49%
tus
49%
pierde
48%
yeh
48%
esa
47%
licencia
47%
p*ta
47%
esencia
46%
ey
46%
tengo
46%
bicha
44%
bien
44%
mami
44%
ojo'
43%
Hoy
42%
mola
42%
repiola
42%
veo
42%
controla
41%
mar
39%
darle
37%
llévame
37%
ola
37%
quien
37%
rola
32%
las
29%
coca
25%
picky
24%
endo
22%
je
19%
(je,
19%
je)
19%
pirquete
15%
nada)
13%
Carloa
4%
No se encontraron pruebas coincidentes
Distribución de puntuación
Porcentaje de gente con cada puntuación
Porcentaje por número respondido
Historial de tus puntuaciones
No has intentado esta prueba.